000 00298nam a22001337a 4500
008 210311b ||||| |||| 00| 0 eng d
041 _aeng
080 _a616.8-006
082 _a616.8-006
100 _a6
101 _aKAN
245 _aLiving Beyond Breast Cancer
_cWeiss,M.C
942 _2udc
_cBK
999 _c56334
_d56334